000
00267nam a22000977a 4500
999
_c
11671
_d
11671
008
191126b ||||| |||| 00| 0 eng d
020
_a
9789351848905
100
_a
Batra Sunil Er
_9
7373
245
_a
Modern's Abc Science Physics-X
260
_a
New Delhi
_b
Modern Publishers